| 000 | 00812nam a22002777a 4500 | ||
|---|---|---|---|
| 001 | 4877 | ||
| 003 | FISKH | ||
| 005 | 20250326123711.0 | ||
| 008 | 241022b cb ||||| |||| 00| 0 eng d | ||
| 020 | _a9780590421454 | ||
| 040 |
_aFISKH _beng _cFISKH _dFISKH |
||
| 050 | _aE457.F73 | ||
| 082 | _a973.70924 | ||
| 100 | _aFreedman, Russell | ||
| 245 |
_aLincoln: A Photobiography / _cby Russell Freedman |
||
| 250 | _aFirst Scholastic printing, September 1988 | ||
| 260 |
_aNew York : _bScholastic ; _c1987 . |
||
| 300 |
_a150 pages: _billustrations ; _c24 cm . |
||
| 505 | _aZ | ||
| 520 | _aPhotographs and text trace the life of the Civil War President. | ||
| 521 | 8 |
_a1040
_bLexile NC |
|
| 521 | 8 |
_aZ
_bRaz-Plus |
|
| 650 |
_ahistory _vnon-fiction |
||
| 942 |
_2ddc _cBK _n0 |
||
| 999 |
_c4877 _d4877 |
||